00928nabaa22001817a 4500999001500000003000400015005001700019008004100036040000700077100004000084245014200124300001500266505020900281505009000490650003200580773012100612942001300733 c6108d6108OSt20260122091203.0190701b xxu||||| |||| 00| 0 spa d cPJ 96877aChávez Moya, Víctor Hugo 10aImpacto del derecho administrativo global en el sistema de fuentes en el derecho administrativo argentino /cVíctor Hugo Chávez Moya. ap. 166-171 aSumario: I. Introducción.— II. El derecho administrativo global.— III. Impacto del derecho administrativo global en el sistema de fuentes en el derecho administrativo argentino.— IV. Conclusiones. t¿Te interesa el texto completo? Comunicate al correo: koha@justierradelfuego.gov.ar  09211aDERECHO ADMINISTRATIVO0 0284293251dBuenos Aires : AbeledoPerrot, 2012-oDA121tDerecho administrativo. Nº 145 enero/febrero 2023z18510590 2udccANA